Statistics for Alphabetically First Capital Cities A-Z

Click here to take the quiz!

General Stats

  • This quiz has been taken 20 times
  • The average score is 14 of 24

Answer Stats

LetterAnswerContinent% Correct
ZZagrebEUROPE
94%
WWarsawEUROPE
88%
QQuitoSOUTH AMERICA
88%
CCairoAFRICA
82%
JJakartaASIA
82%
MMadridEUROPE
82%
IIslamabadASIA
76%
GGaboroneAFRICA
65%
HHanoiASIA
65%
LLa PazSOUTH AMERICA
65%
OOsloEUROPE
65%
VVallettaEUROPE
59%
DDakarAFRICA
59%
BBaghdadASIA
59%
FFreetownAFRICA
53%
KKabulASIA
53%
AAbu DhabiASIA
47%
RRabatAFRICA
47%
UUlaanbataarASIA
41%
YYamoussoukroAFRICA
41%
SSt GeorgesNORTH AMERICA
35%
TTaipeiASIA
35%
PPalikirOCEANIA
29%
NNDjamenaAFRICA
29%

Score Distribution

Percentile by Number Answered

Percent of People with Each Score

Your Score History

You have not taken this quiz